<?xml version="1.0" encoding="UTF-8"?>
<record
    xmlns:xsi="http://www.w3.org/2001/XMLSchema-instance"
    xsi:schemaLocation="http://www.loc.gov/MARC21/slim http://www.loc.gov/standards/marcxml/schema/MARC21slim.xsd"
    xmlns="http://www.loc.gov/MARC21/slim">

  <leader>01612nam a2200193 i 4500</leader>
  <controlfield tag="001">768714001</controlfield>
  <controlfield tag="003">CO-MdFUSB</controlfield>
  <controlfield tag="005">20221125152028.0</controlfield>
  <controlfield tag="008">220715t1984    ck  |||| |||| 00| 0 spa d</controlfield>
  <datafield tag="040" ind1=" " ind2=" ">
    <subfield code="b">spa</subfield>
    <subfield code="c">CO-MdFUSB</subfield>
    <subfield code="d">CO-MdFUSB</subfield>
  </datafield>
  <datafield tag="041" ind1=" " ind2=" ">
    <subfield code="a">spa</subfield>
  </datafield>
  <datafield tag="100" ind1=" " ind2=" ">
    <subfield code="a">Conrad, Joseph,</subfield>
    <subfield code="e">autor</subfield>
  </datafield>
  <datafield tag="245" ind1=" " ind2="3">
    <subfield code="a">El coraz&#xF3;n de las tinieblas</subfield>
    <subfield code="c">/ Joseph Conrad</subfield>
  </datafield>
  <datafield tag="300" ind1=" " ind2=" ">
    <subfield code="a">Volumen 5, (1984) p&#xE1;ginas 637 - 710 ;</subfield>
    <subfield code="c">22 cm</subfield>
  </datafield>
  <datafield tag="520" ind1=" " ind2=" ">
    <subfield code="a">El coraz&#xF3;n de las tinieblas comienza con un grupo de hombres a bordo de un barco ingl&#xE9;s que se encuentra en el r&#xED;o T&#xE1;mesis. El grupo est&#xE1; compuesto por un abogado, un contador, un director y capit&#xE1;n de la compa&#xF1;&#xED;a, y un hombre sin una profesi&#xF3;n espec&#xED;fica que se llama Marlow. Adem&#xE1;s, est&#xE1; el narrador, que parece ser otro invitado sin nombre en el barco.
Mientras pasan el tiempo esperando que el viento se levante para poder reanudar su viaje, Marlow comienza a hablar de Londres y dice que ese lugar &#xA8;tambi&#xE9;n ha sido uno de los lugares tenebrosos de la tierra&#xA8;. Ni el narrador ni las otras personas que se encuentran en el barco parecen respetarlo demasiado, porque no logran identificar qu&#xE9; clase de persona es Marlow. Si bien est&#xE1; claro que es un marino, tambi&#xE9;n es un vagabundo, y este rasgo, al menos para el narrador, no es propio de los de su clase, ya que los marinos son sedentarios y &#xA8;tienen inclinaci&#xF3;n a quedarse en sus casas, y su casa, el barco, siempre est&#xE1; con ellos&#xA8;

</subfield>
  </datafield>
  <datafield tag="653" ind1=" " ind2=" ">
    <subfield code="a">Literatura inglesa</subfield>
  </datafield>
  <datafield tag="773" ind1="0" ind2=" ">
    <subfield code="0">67924</subfield>
    <subfield code="9">81131</subfield>
    <subfield code="a">Oveja Negra, </subfield>
    <subfield code="o">24694</subfield>
    <subfield code="t">Maestros de la literatura universal </subfield>
    <subfield code="w">(CO-MdFUSB)768714001</subfield>
    <subfield code="z">8482806718</subfield>
  </datafield>
  <datafield tag="942" ind1=" " ind2=" ">
    <subfield code="c">BK</subfield>
  </datafield>
  <datafield tag="999" ind1=" " ind2=" ">
    <subfield code="c">67968</subfield>
    <subfield code="d">67968</subfield>
  </datafield>
</record>
